[Event "Sarajevo"]
[Site "Sarajevo"]
[Date "1984.??.??"]
[Round "?"]
[White "Kortschnoj, Viktor"]
[Black "Romanishin, Oleg M"]
[Result "1/2-1/2"]
[WhiteElo "2635"]
[BlackElo "2580"]

1.Nf3 Nf6 2.c4 g6 3.Nc3 Bg7 4.e4 d6 5.d4 O-O 6.Be2 e5 7.Be3 Nbd7 8.O-O Qe7
9.Qc2 c6 10.Rfe1 Ng4 11.Bg5 f6 12.Bh4 h5 13.Bg3 Qf7 14.Rad1 Nh6 15.Bf1 g5
16.dxe5 dxe5 17.h3 Re8 18.b4 Nf8 19.c5 Ng6 20.Nb1 Be6 21.Nbd2 b5 22.cxb6 axb6
23.Nc4 Bf8 24.a3 h4 25.Bh2 b5 26.Nd6 Bxd6 27.Rxd6 Rxa3 28.Qxc6 Nf8 29.Bxb5 Rc8
30.Qb6 Qe7 31.Rc6 Rxc6 32.Bxc6 Rb3 33.b5 Qb4 34.Rf1 Rb1 35.Qe3 Rxf1+ 36.Kxf1 Nf7
37.Kg1 Qb1+ 38.Qe1 Qb2 39.Kh1 Nd6 40.Qd2 Qb1+ 41.Bg1 Nxe4 42.Qe3 Nd6 43.Nxg5 fxg5
44.Qxg5+ Kf7 45.Qxe5 Qb4 46.Bh2 Qb1+ 47.Bg1 Qb4  1/2-1/2

[Event "Sarajevo"]
[Site "Sarajevo"]
[Date "1984.??.??"]
[Round "?"]
[White "Djuric, Stefan"]
[Black "Van der Wiel, John TH"]
[Result "1/2-1/2"]
[WhiteElo "2500"]
[BlackElo "2515"]

1.c4 e6 2.Nc3 d5 3.d4 Be7 4.Nf3 Nf6 5.Bg5 O-O 6.e3 h6 7.Bxf6 Bxf6 8.Rc1 c6
9.Bd3 Nd7 10.O-O dxc4 11.Bxc4 e5 12.Ne4 exd4 13.Nxf6+ Nxf6 14.Qxd4 Qxd4 15.Nxd4 Re8
16.Rfe1 Kf8 17.f3 Be6 18.Bxe6 fxe6 19.Nb3 Rad8 20.Red1 Ke7 21.Na5 Rxd1+ 22.Rxd1 Rb8
23.Rd3 Nd7 24.Rb3 Nb6 25.h4 c5 26.Rb5 Kd6 27.b4 cxb4 28.Rxb4 Nd5 29.Rg4 b6
30.Nc4+ Kc5 31.Ne5 Rb7 32.Nd3+ Kd6 33.e4 Nc3 34.Kf2 Nxa2 35.e5+ Kd5 36.Ke3 a5
37.Rd4+ Kc6 38.Rd6+ Kb5 39.Nf4 a4 40.Nxe6 Nb4 41.Nd4+  1/2-1/2

[Event "Sarajevo"]
[Site "Sarajevo"]
[Date "1984.??.??"]
[Round "?"]
[White "Romanishin, Oleg M"]
[Black "Drasko, Milan"]
[Result "1/2-1/2"]
[WhiteElo "2580"]
[BlackElo "2440"]

1.d4 Nf6 2.c4 e6 3.Nf3 Bb4+ 4.Bd2 Qe7 5.g3 Nc6 6.Nc3 d5 7.cxd5 exd5 8.Bg2 O-O
9.O-O Re8 10.Re1 Bf5 11.Rc1 Be4 12.a3 Bxc3 13.Bxc3 Nd7 14.Bh3 Bxf3 15.exf3 Qd6
16.Bf1 Rxe1 17.Qxe1 Nf8 18.Qd2 Qf6 19.Qd3 a6 20.Bg2 g6 21.f4 Rd8 22.Rd1 Ne6
23.b4 Na7 24.a4 c6 25.Rc1 Nc8 26.Qe3 Nd6 27.Qe5 Kg7 28.Bf1 b5 29.a5 Nc4 30.Qxf6+ Kxf6
31.Kg2 Ke7 32.Kf3 f5 33.Ke2 Ng7 34.Kd3 Ne8 35.f3 Rd6 36.Re1+  1/2-1/2

[Event "Sarajevo"]
[Site "Sarajevo"]
[Date "1984.??.??"]
[Round "?"]
[White "Romanishin, Oleg M"]
[Black "Van der Wiel, John TH"]
[Result "1-0"]
[WhiteElo "2580"]
[BlackElo "2515"]

1.c4 e6 2.Nc3 d5 3.d4 Be7 4.Nf3 Nf6 5.Bg5 O-O 6.e3 h6 7.Bh4 b6 8.Bd3 Bb7
9.O-O Nbd7 10.Bg3 c5 11.Rc1 cxd4 12.exd4 dxc4 13.Bxc4 a6 14.a4 Nh5 15.d5 Nxg3
16.hxg3 exd5 17.Nxd5 Bxd5 18.Qxd5 Nc5 19.Qf5 Qd7 20.Qh5 Bf6 21.a5 Qa7 22.b4 Nd7
23.Rfd1 b5 24.Bd5 Rae8 25.Re1 Rxe1+ 26.Rxe1 Bd4 27.Re2 Nf6 28.Qf5 Nxd5 29.Qxd5 Bf6
30.Qc6 Be7 31.Qe4 Bf6 32.Ne1 Rc8 33.Nd3 Bd4 34.Qf5 Rd8 35.Rc2 g6 36.Qf4 Qe7
37.Rc7 Qe6 38.Qf3 Qb3 39.Kh2 Kg7 40.Qe4 Rd5 41.Nf4 Rd6 42.Qe2 h5 43.Qe7 Bxf2
44.Nxh5+ gxh5 45.Qxd6 Qb1 46.Qe5+  1-0

[Event "Sarajevo"]
[Site "Sarajevo"]
[Date "1984.??.??"]
[Round "?"]
[White "Van der Wiel, John TH"]
[Black "Kurajica, Bojan"]
[Result "1-0"]
[WhiteElo "2515"]
[BlackElo "2495"]

1.e4 c5 2.Nf3 e6 3.d4 cxd4 4.Nxd4 Nc6 5.Nb5 d6 6.c4 Nf6 7.N1c3 a6 8.Na3 Be7
9.Be2 O-O 10.O-O b6 11.Be3 Bb7 12.Qb3 Nd7 13.Rfd1 Rc8 14.Rd2 Qc7 15.Rc1 Qb8
16.Qd1 Rfe8 17.Kh1 Ba8 18.Nc2 Na5 19.Qf1 Ne5 20.Na3 d5 21.cxd5 b5 22.f4 b4
23.fxe5 bxc3 24.Rdc2 exd5 25.Bxa6 Rcd8 26.Rxc3 d4 27.Bxd4 Qxb2 28.Nc4 Qb4
29.Bb6 Nxc4 30.Bxd8 Nd2 31.Bxe7  1-0

[Event "Sarajevo"]
[Site "Sarajevo"]
[Date "1984.??.??"]
[Round "?"]
[White "Marjanovic, Slavoljub"]
[Black "Dizdar, Goran"]
[Result "1/2-1/2"]
[WhiteElo "2525"]
[BlackElo "2465"]

1.e4 e6 2.d4 d5 3.Nd2 c5 4.exd5 exd5 5.Ngf3 a6 6.Be2 Nf6 7.O-O Be7 8.dxc5 Bxc5
9.Nb3 Ba7 10.c4 O-O 11.cxd5 Qxd5 12.Qxd5 Nxd5 13.Rd1 Nb4 14.Bf4 N8c6 15.Bd6 Re8
16.Kf1 Be6 17.Na5 Nxa5 18.Bxb4 Nc6 19.Bc3 Rad8 20.b3 f6 21.Rac1 Kf7 22.Bb2 Rxd1+
23.Rxd1 Rd8 24.Rxd8 Nxd8  1/2-1/2